000 00510nam a2200193Ia 4500
003 0100
008 130303s9999 xx 000 0 und d
040 _cARRUPELIB
050 _aBX2200.A72131995
100 _aAuer, Johann
245 2 _aA general doctrine of the sacraments and the mystery of eucharist
245 _bDogmatic theology
260 _aWashington, D. C.
260 _bThe Catholic Univ. of America Pr.
260 _C1995
300 _a425p
650 _bKnowledge, Theory of
942 0 0 _05
999 _c18347
_d18347